Karya dan tjita2 Sutan Sjahrir. (Record no. 82053)

MARC details
000 -LEADER
fixed length control field 00545cam a22002171 4500
001 - CONTROL NUMBER
control field sa 68007819
003 - CONTROL NUMBER IDENTIFIER
control field DLC
005 - DATE AND TIME OF LATEST TRANSACTION
control field 20260227112526.0
008 - FIXED-LENGTH DATA ELEMENTS--GENERAL INFORMATION
fixed length control field 720414s1966 xx 000 0 eng
010 ## - LIBRARY OF CONGRESS CONTROL NUMBER
LC control number sa 68007819
035 ## - SYSTEM CONTROL NUMBER
System control number (OCoLC)284447
040 ## - CATALOGING SOURCE
Original cataloging agency DLC
Transcribing agency OAU
Modifying agency DLC
042 ## - AUTHENTICATION CODE
Authentication code premarc
050 00 - LIBRARY OF CONGRESS CALL NUMBER
Classification number DS644.1.S54
Item number I2
100 1# - MAIN ENTRY--PERSONAL NAME
Personal name Ibrahim, Thalib.
245 10 - TITLE STATEMENT
Title Karya dan tjita2 Sutan Sjahrir.
250 ## - EDITION STATEMENT
Edition statement Tjet. 1.
260 ## - PUBLICATION, DISTRIBUTION, ETC.
Place of publication, distribution, etc. Djakarta,
Name of publisher, distributor, etc. Photin
Date of publication, distribution, etc. [1966]
300 ## - PHYSICAL DESCRIPTION
Extent 25 p.
Dimensions 20 cm.
600 10 - SUBJECT ADDED ENTRY--PERSONAL NAME
Personal name Sjahrir, Sutan,
Dates associated with a name 1909-1966.

No items available.

Powered by Koha